000 00312nam a22001337a 4500
008 170202b x9780763745127xu||||| |||| 00| 0 eng d
020 _a9780763745127
041 _aeng
080 _a61
100 _a3
101 _aSHM
245 _aDELIVERING HEALTH CARE IN AMERICA
_cDOUGLAS.SH
942 _2udc
_cBK
999 _c4344
_d4344